História com grilo dentro (Registo nº 1210)

Detalhes MARC
000 -Etiqueta do registo
Cabeçalho 00770nam0a2200265 4500
005 - Identificador da versão
Campo de controlo 20240813121829.0
010 ## - Número internacional normalizado dos livros (ISBN)
Número (ISBN) 9789724132211
021 ## - Número do Depósito Legal
Código do país PT
Número 29378709
100 ## - Dados gerais de processamento
Dados gerais de processamento 20151009d2009 c y0pory5003 ba
102 ## - Pais de publicação ou produção
País de publicação Portugal
101 0# - Língua de publicação
Língua do texto, banda sonora, etc. Português
215 ## - Descrição física 
Indicação específica da natureza do documento e extensão da espécie 42, [3] p.
Outras indicações físicas il. color
200 1# - Titulo e menção de responsabilidade
Título próprio História com grilo dentro
Primeira menção de responsabilidade António Torrado
Outras menções de responsabilidade il. Manuela Bacelar
225 2# - Colecção 
Título próprio da colecção Biblioteca António Torrado
205 ## - Menção da edição
Menção da edição 5ª ed
210 ## - Publicação, Distribuição, etc. 
Lugar da edição, distribuição, etc. Porto
Nome do editor, distribuidor, etc. Asa
Data da publicação, distribuição, etc. 2009
606 ## - Nome comum usado como assunto
Número de registo de entrada de autoridade 0002010
Palavra de ordem Literatura portuguesa
Subdivisão de assunto Conto
Código do sistema CA
675 ## - Classificação Decimal Universal (CDU)
Notação 821.134.3-34
Edição 3ª ed.
Língua da edição por
702 #1 - Nome de autor-pessoa física (responsabilidade secundária)
Número de registo de entrada de autoridade 0001703
Palavra de ordem Bacelar
Outra parte do nome não tomada para palavra de ordem Manuela
Datas 1943-
Código de função Ilustrador / Técnico de desenho computorizado
700 #1 - Nome de autor-pessoa física (responsabilidade principal)
Número de registo de entrada de autoridade 0000362
Palavra de ordem Torrado
Outra parte do nome não tomada para palavra de ordem António
Datas 1939-
966 ## - Identificação da Biblioteca
Sigla EB2,3ENM
942 ## - Elementos de entrada adicionados (Koha)
Tipo de item no Koha Livro
Exemplares
Situação do levantamento Origin of item (home branch) (coded) Biblioteca de empréstimo Código de barras Cota Circulation type (not for loan) Tipo de documento Nota do exemplar Damaged status
  Biblioteca Escolar Eng. Nuno Mergulhão Biblioteca Escolar Eng. Nuno Mergulhão BENM2344 82LP-34 TOR   Livro Sem mensagem  
  Biblioteca Escolar Eng. Nuno Mergulhão Biblioteca Escolar Eng. Nuno Mergulhão BENM2345 82LP-34 TOR   Livro Sem mensagem  
  Biblioteca Escolar Eng. Nuno Mergulhão Biblioteca Escolar Eng. Nuno Mergulhão BENM2346 82LP-34 TOR   Livro Sem mensagem  
  Biblioteca Escolar Eng. Nuno Mergulhão Biblioteca Escolar Eng. Nuno Mergulhão BENM2347 82LP-34 TOR   Livro Sem mensagem